The confidential nature of birth records, (Record no. 90922)

MARC details
000 -LEADER
fixed length control field 01134cam a22002291 4500
001 - CONTROL NUMBER
control field ss 50000004
003 - CONTROL NUMBER IDENTIFIER
control field DLC
005 - DATE AND TIME OF LATEST TRANSACTION
control field 20260227112751.0
008 - FIXED-LENGTH DATA ELEMENTS--GENERAL INFORMATION
fixed length control field 830813s1950 dcua f000 0 eng c
010 ## - LIBRARY OF CONGRESS CONTROL NUMBER
LC control number ss 50000004
035 ## - SYSTEM CONTROL NUMBER
System control number (OCoLC)9808634
040 ## - CATALOGING SOURCE
Original cataloging agency U.S. Social Security Administration. Library
Transcribing agency GASU
Modifying agency OCoLC
-- DLC
042 ## - AUTHENTICATION CODE
Authentication code premarc
050 00 - LIBRARY OF CONGRESS CALL NUMBER
Classification number HA38
Item number .A4 1949
110 1# - MAIN ENTRY--CORPORATE NAME
Corporate name or jurisdiction name as entry element United States.
Subordinate unit Children's Bureau.
245 14 - TITLE STATEMENT
Title The confidential nature of birth records,
Remainder of title including the special registration problems of children born out of wedlock, children of unknown parentage, legitimated children, and adopted children; a policy recommended by American Association of Registration Executives, Council on Vital Records and Statistics, and endorsed by Children's Bureau and National Office of Vital Statistics, Federal Security Agency, January 1949.
260 ## - PUBLICATION, DISTRIBUTION, ETC.
Place of publication, distribution, etc. Washington,
Name of publisher, distributor, etc. U.S. Govt. Print. Off.,
Date of publication, distribution, etc. [1950]
300 ## - PHYSICAL DESCRIPTION
Extent 11 p.
Other physical details illus.
Dimensions 24 cm.
490 1# - SERIES STATEMENT
Series statement Its Publication
Volume/sequential designation no. 332
650 #0 - SUBJECT ADDED ENTRY--TOPICAL TERM
Topical term or geographic name entry element Registers of births, etc.
Geographic subdivision United States.
810 1# - SERIES ADDED ENTRY--CORPORATE NAME
Corporate name or jurisdiction name as entry element United States.
Subordinate unit Children's Bureau.
Title of a work Publication
Volume/sequential designation no. 332.

No items available.

Powered by Koha